000 00430nam a2200193Ia 4500
005 20240823021906.0
008 240823s9999||||xx |||||||||||||| ||und||
020 _a1-85168-339-9
041 _aENGLISH
082 _A180 P7
100 _a"Popkin,Richard H"
245 0 _aSpinoza
250 _a1st
260 _c2007
_b"Viva,New "
_aNew Delhi
500 _aYES
650 _aStory
_bGeneral
942 _cBK
999 _c177952
_d177952